AutoCAD cho tự động hoá thiết kế
Tallennettuna:
| Päätekijä: | |
|---|---|
| Aineistotyyppi: | Kirja |
| Julkaistu: |
Giáo dục
1999
|
| Tagit: |
Lisää tagi
Ei tageja, Lisää ensimmäinen tagi!
|
| Thư viện lưu trữ: | Mạng thư viện Đại học Đà Nẵng |
|---|
| LEADER | 00568nam a2200229 a 4500 | ||
|---|---|---|---|
| 001 | 000028936 | ||
| 003 | 970 | ||
| 005 | 20171030145630.0 | ||
| 008 | 171030s1999 | ||
| 020 | |c 13300 | ||
| 040 | |a LTT | ||
| 082 | 0 | |a 006.68 |b NG-H | |
| 100 | 1 | |a Nguyễn Văn Hiến, PTS | |
| 245 | 0 | 0 | |a AutoCAD cho tự động hoá thiết kế |c Nguyễn Văn Hiến. |
| 260 | |b Giáo dục |c 1999 | ||
| OWN | |a LTT | ||
| 999 | |a From the UDN01 | ||
| TYP | |a Monograph | ||
| TYP | |a Printed language | ||
| 980 | |a Mạng thư viện Đại học Đà Nẵng | ||